Rozsypanka literowa – pisarze i poeci różnych epok - Statystyki

Ogólne statystyki
  • Ten quiz został rozwiązany 51 razy
  • Średni wynik to 5 z 15
Statystyki odpowiedzi
Rozsypanka Pisarz/poeta % Poprawnych
renykh ciziisnekwe Henryk Sienkiewicz
63%
gola crzukotak Olga Tokarczuk
56%
npciyra drniow Cyprian Norwid
49%
doitwl wmogrbiozc Witold Gombrowicz
49%
aizel sozawozrek Eliza Orzeszkowa
46%
irwosałm rżmkeo Sławomir Mrożek
44%
okreln ńikmsauzys Kornel Makuszyński
34%
nanajo toarb Joanna Bator
32%
duatezs wżzrcióe Tadeusz Różewicz
32%
awałnisst kiiwzcwtei Stanisław Witkiewicz
29%
maad habajd Adam Bahdaj
27%
eirgbaal polzakas Gabriela Zapolska
27%
relnok wiiilpcofz Kornel Filipowicz
22%
mtoazs ykżóric Tomasz Różycki
20%
jezadnr pokasskwi Andrzej Sapkowski
17%
Nie znaleziono quizów pasujących do podanych kryteriów
Rozkład punktacji
Procent ludzi z każdym wynikiem
Percentyl według liczby udzielonych odpowiedzi
Twoja historia wyników
Nie rozwiązałeś tego quizu